[Event "GER-ch Net blitz qual3"]
[Site "Playchess.com INT"]
[Date "2020.03.21"]
[Round "4"]
[White "Weiskopf, Philip Michael"]
[Black "Becker, Wolfgang"]
[Result "0-1"]
[WhiteElo "1648"]
[BlackElo "1828"]
[PlyCount "102"]
[EventDate "2020.03.21"]
[EventType "swiss (blitz)"]
[EventRounds "9"]
[EventCountry "GER"]
[SourceTitle "CBM 195 Extra"]
[Source "ChessBase"]
[SourceDate "2020.05.31"]
[SourceVersion "1"]
[SourceVersionDate "2020.05.31"]
[SourceQuality "1"]

1. d4 d5 2. c4 c6 3. e3 Nf6 4. Nc3 e6 5. Nf3 Be7 6. Be2 Nbd7 7. 0-0 0-0 8. a3 dxc4 9. Bxc4 Nb6 10. Bd3 Nbd5 11. Qc2 g6 12. e4 Nxc3 13. bxc3 c5 14. Bh6 Re8 15. e5 Nh5 16. Rfd1 cxd4 17. Bb5 a6 18. Bxe8 Qxe8 19. cxd4 b5 20. Bg5 Bb7 21. Bxe7 Bxf3 22. Bf6 Nxf6 23. exf6 Bd5 24. Qd2 Qd8 25. Qf4 Qf8 26. Rac1 h6 27. Rd3 g5 28. Qg4 Kh7 29. Rdc3 Qd8 30. h4 Qxf6 31. hxg5 hxg5 32. Rc7 Kg6 33. Qe2 Rh8 34. Qd3+ Kg7 35. Ra7 Qh6 36. Qh3 Qg6 37. Qg3 Qh6 38. Qe5+ Kg6 39. Kf1 Bc4+ 40. Ke1 Qh4 41. Kd2 Qf4+ 42. Qe3 Rd8 43. Kc3 Qf5 44. f3 Rc8 45. Qe4 Bd5+ 46. Kd2 Bxe4 47. Rxc8 Bd5 48. Rg8+ Kf6 49. Rf8 e5 50. Rfxf7+ Bxf7 51. Rxf7+ Kxf7 0-1

[Event "Seefeld op 19th"]
[Site "Seefeld"]
[Date "2008.09.11"]
[Round "7"]
[White "Becker, Wolfgang"]
[Black "Verwer, Renzo"]
[Result "1-0"]
[WhiteElo "1768"]
[BlackElo "1600"]
[PlyCount "51"]
[EventDate "2008.09.05"]
[EventType "swiss"]
[EventRounds "9"]
[EventCountry "AUT"]
[SourceTitle "EXT 2010"]
[Source "ChessBase"]
[SourceDate "2010.11.25"]
[SourceVersion "1"]
[SourceVersionDate "2010.11.25"]
[SourceQuality "1"]

1. e4 d6 2. d4 Nf6 3. Nc3 Nbd7 4. f4 e5 5. fxe5 dxe5 6. dxe5 Nxe5 7. Qxd8+ Kxd8 8. Bf4 Ng6 9. 0-0-0+ Bd7 10. Bg3 Ke8 11. Bxc7 Ng4 12. Nh3 Bc5 13. Bc4 Ne3 14. Bxf7+ Ke7 15. Rd3 Rac8 16. Bxg6 hxg6 17. Bf4 Nxg2 18. Bg5+ Ke8 19. Ng1 b5 20. Nf3 b4 21. Ne5 Be6 22. Nb5 Rh5 23. h4 Nxh4 24. Nc7+ Kf8 25. Nxe6+ Kg8 26. Rxh4 1-0

[Event "Seefeld op 19th"]
[Site "Seefeld"]
[Date "2008.09.07"]
[Round "3"]
[White "Becker, Wolfgang"]
[Black "Moroder, Stefan"]
[Result "0-1"]
[WhiteElo "1768"]
[BlackElo "1927"]
[PlyCount "79"]
[EventDate "2008.09.05"]
[EventType "swiss"]
[EventRounds "9"]
[EventCountry "AUT"]
[SourceTitle "EXT 2010"]
[Source "ChessBase"]
[SourceDate "2010.11.25"]
[SourceVersion "1"]
[SourceVersionDate "2010.11.25"]
[SourceQuality "1"]

1. e4 c5 2. Nc3 Nc6 3. f4 g6 4. Nf3 Bg7 5. Bc4 d6 6. d3 e6 7. 0-0 Nge7 8. Qe1 Nd4 9. Nxd4 cxd4 10. Nd1 0-0 11. Qh4 d5 12. Bb3 dxe4 13. dxe4 Nc6 14. Qg3 Na5 15. Nf2 Nxb3 16. axb3 Qc7 17. Bd2 Qxc2 18. Bb4 Rd8 19. Rfc1 Qe2 20. Qg5 Bd7 21. Rxa7 Bc6 22. Qa5 Rac8 23. Ba3 d3 24. e5 Bxg2 25. Kxg2 d2 26. Rd1 g5 27. Be7 Rd5 28. Qa1 h6 29. Ra8 Rxa8 30. Qxa8+ Kh7 31. Qc8 gxf4 32. Qc2+ Kg8 33. Qc8+ Kh7 34. Qc2+ f5 35. exf6+ Rf5 36. h4 f3+ 37. Kh3 Qxf2 38. Qxd2 Qxd2 39. Rxd2 f2 40. Kh2 0-1

[Event "Seefeld op 19th"]
[Site "Seefeld"]
[Date "2008.09.05"]
[Round "1"]
[White "Becker, Wolfgang"]
[Black "Jaenig, Reinhard"]
[Result "0-1"]
[WhiteElo "1768"]
[BlackElo "2136"]
[PlyCount "76"]
[EventDate "2008.09.05"]
[EventType "swiss"]
[EventRounds "9"]
[EventCountry "AUT"]
[SourceTitle "EXT 2010"]
[Source "ChessBase"]
[SourceDate "2010.11.25"]
[SourceVersion "1"]
[SourceVersionDate "2010.11.25"]
[SourceQuality "1"]

1. e4 c5 2. Nc3 e6 3. f4 a6 4. a4 Nc6 5. Bc4 g6 6. Nf3 Bg7 7. 0-0 Nge7 8. d3 0-0 9. f5 d5 10. Ba2 dxe4 11. f6 Bxf6 12. Nxe4 Bg7 13. Nfg5 Nf5 14. Qe1 h6 15. Nf3 Ncd4 16. Nxd4 Qxd4+ 17. Kh1 b5 18. Rf3 Bb7 19. c3 Qd8 20. Bf4 c4 21. dxc4 e5 22. Bg3 Nxg3+ 23. Rxg3 bxa4 24. c5 Kh7 25. Rd1 Qe7 26. Nd6 Bc6 27. Qf1 f5 28. Bb1 e4 29. Ba2 f4 30. Rg4 f3 31. Bd5 Bxd5 32. Rxd5 Qe6 33. gxf3 Qxg4 34. fxg4 Rxf1+ 35. Kg2 Rb1 36. Rd2 e3 37. Re2 Rf8 38. Rxe3 Rxb2+ 0-1

[Event "Baden-ch Seniors Young "]
[Site "Oberwinden"]
[Date "2007.04.12"]
[Round "7"]
[White "Pauk, Peter"]
[Black "Becker, Wolfgang"]
[Result "1/2-1/2"]
[WhiteElo "1870"]
[BlackElo "1786"]
[PlyCount "96"]
[EventDate "2007.04.06"]
[EventType "swiss"]
[EventRounds "9"]
[EventCountry "GER"]
[SourceTitle "CBM 117 Extra"]
[Source "ChessBase"]
[SourceDate "2007.05.09"]
[SourceVersion "1"]
[SourceVersionDate "2007.05.09"]
[SourceQuality "1"]

1. c4 e5 2. Nc3 Nf6 3. g3 c6 4. Bg2 d5 5. cxd5 cxd5 6. d3 Bb4 7. Bd2 0-0 8. a3 Bxc3 9. Bxc3 Nc6 10. Nf3 d4 11. Bd2 Be6 12. b4 Re8 13. 0-0 a6 14. Rc1 h6 15. Rc5 Bd5 16. Qc1 e4 17. Ne1 exd3 18. exd3 Bxg2 19. Kxg2 Re5 20. Nf3 Rxc5 21. Qxc5 Qd5 22. Rc1 Re8 23. Qxd5 Nxd5 24. Rc5 Rd8 25. Bc1 Rd7 26. Bb2 Nb6 27. b5 axb5 28. Rxb5 Na4 29. Ba1 f6 30. Kf1 Kf7 31. Ke2 Ke6 32. h4 g6 33. Kd2 h5 34. Kc2 Rd5 35. Rxb7 Rc5+ 36. Kd2 Nc3 37. Rb3 Rf5 38. Nxd4+ Nxd4 39. Rb6+ Kd5 40. Bxc3 Rxf2+ 41. Ke1 Rf3 42. Bxd4 Kxd4 43. Ke2 Rxg3 44. Rxf6 g5 45. hxg5 Rxg5 46. Rf4+ Kc3 47. Rh4 Rg2+ 48. Ke3 Rg3+ 1/2-1/2

[Event "Baden-ch Seniors Young "]
[Site "Oberwinden"]
[Date "2007.04.11"]
[Round "6"]
[White "Fehrle, Rudolf"]
[Black "Becker, Wolfgang"]
[Result "1/2-1/2"]
[WhiteElo "1674"]
[BlackElo "1786"]
[PlyCount "56"]
[EventDate "2007.04.06"]
[EventType "swiss"]
[EventRounds "9"]
[EventCountry "GER"]
[SourceTitle "CBM 117 Extra"]
[Source "ChessBase"]
[SourceDate "2007.05.09"]
[SourceVersion "1"]
[SourceVersionDate "2007.05.09"]
[SourceQuality "1"]

1. e4 e6 2. d4 d5 3. e5 c5 4. c3 Nc6 5. Nf3 Qb6 6. a3 a5 7. Bd3 Bd7 8. Bc2 Nge7 9. 0-0 Nf5 10. Bxf5 exf5 11. b3 Be6 12. Be3 Be7 13. Nbd2 cxd4 14. Nxd4 Nxd4 15. Bxd4 Bc5 16. Nf3 0-0 17. Qd2 Rfc8 18. Bxc5 Qxc5 19. Rfc1 h6 20. Nd4 Qe7 21. a4 Bd7 22. Re1 Ra6 23. f4 Qc5 24. Re3 Rg6 25. Rf1 Be6 26. Qd3 Qb6 27. Rff3 Rd8 28. Qd1 Qc5 1/2-1/2